• 首页
  • 本馆介绍
  • 公告通知
  • 最新文献
  • 馆藏检索
  • 电子资源
  • 读者导购
  • 参考咨询
  • 我的图书馆
  • 登录
  • 详细信息显示
  • 放入我的书架
  • 预约/预借图书
  • 作者相关作品
  • 分类相关作品
  • 丛书相关作品
  • 出版社相关作品

书目信息

  • 表格格式
  • 工作单格式
  • 卡片格式
题名:
中国农产品现代物流发展战略研究
    
 
作者: 王树祥 著
分册:  
出版信息: 北京   科学出版社  2012
页数: 190页
开本: 24cm
丛书名: 科学经管文库
单 册:
中图分类: F724.72
科图分类:
主题词: 农产品--物流--经济发展战略--研究--中国 , 农产品 , 物流 , 经济发展战略
电子资源:
ISBN: 978-7-03-034490-8
000 01077nam0 2200289 450
001 519
005 20140909100526.39
010    @a978-7-03-034490-8@dCNY48.00
100    @a20120716d2012 em y0chiy50 ea
101 0  @achi
102    @aCN@b110000
105    @ay z 000yy
106    @ar
200 1  @a中国农产品现代物流发展战略研究@AZhong Guo Nong Chan Pin Xian Dai Wu Liu Fa Zhan Zhan Lue Yan Jiu@f王树祥著@FWang Shu Xiang Zhu
210    @a北京@c科学出版社@d2012
215    @a190页@d24cm
225 2  @a科学经管文库
330    @a本书基于农产品现代物流对农业的推动作用和流通效率的提升,通过对农产品现代物流、农产品物流影响因素和我国农产品物流发展环境进行分析,提出了我国农产品现代物流的发展战略、战略体系和发展模式,并对我国农产品现代物流发展战略进行了系统全面的分析研究。
461  0 @12001 @a科学经管文库
606 0  @a农产品@x物流@x经济发展战略@x研究@y中国
606 0  @a农产品
606 0  @a物流
606 0  @a经济发展战略
690    @aF724.72@v5
701  0 @a王树祥@AWang Shu Xiang@4著
801  0 @aCN@bTANGWEI@c20140603
905    @b0837928-30@dF724.72@e73@f3
    
    中国农产品现代物流发展战略研究/王树祥著.-北京:科学出版社,2012
    190页;24cm.-(科学经管文库)
    
    
    ISBN 978-7-03-034490-8:CNY48.00
    本书基于农产品现代物流对农业的推动作用和流通效率的提升,通过对农产品现代物流、农产品物流影响因素和我国农产品物流发展环境进行分析,提出了我国农产品现代物流的发展战略、战略体系和发展模式,并对我国农产品现代物流发展战略进行了系统全面的分析研究。
●
相关链接 在E读中查询图书 在五车中查询图书 在当当中查询图书 在豆瓣中查询图书


正题名:中国农产品现代物流发展战略研究     索取号:F724.72/73         预约/预借

序号 登录号 条形码 馆藏地/架位号 状态 备注
1 0837928   208379280   第一样本阅览室/ [索取号:F724.72/73] 在馆    
2 0837929   208379299   第一借阅区/ [索取号:F724.72/73] 在馆    
3 0837930   208379306   密集书库-海洋学院/ [索取号:F724.72/73] 在馆    
唐山师范学院图书馆 欢迎您!
大连网信软件有限公司© 版权所有